01588nam a22003497a 4500003000500000005001700005007000300022008004100025020002200066040002300088050002000111082002400131100003900155245008200194250001700276264006400293300002700357336002700384337002700411338002800438500003900466504003800505520051500543650003201058650001201090650002401102650002501126650002801151650001201179650002401191650002301215CHAP20230830123818.0ta230830s2012 mx b|||f m||| 001 0 spa d a978-607-8285-01-3 amxchpuacCHAPerda10aGF41b.P33 201200a304.2bP33 20122201 aPadilla de la Torre, Rebecaeautor10aGeografías ciudadanas y mediáticas / cMaría Rebeca Padilla de la Torre a1a edición aMéxico :bUniversidad Autónoma de Aguascalientes,c2012 a180 páginas :bmapas 2rdacontentatextobtxt 2rdamediaasin mediobn 2rdacarrieravolumenbnc aEl documento es una tesis doctoral aBibliografía: páginas 167-1762 aEn este libro se recorren distintos perfiles socioculturales de ciudadanía en Aguascalientes, México, con el objetivo de indagar los sentidos sociales que adquieren las prácticas mediáticas desde estas perspectivas. El estudio analiza el papel de la alteridad, la inmigración y las prácticas mediáticas en la construcción de la comunidad que representa la ciudad. La metodología consistió en el análisis de cinco casos basados en la etnia, el origen, la religión, la elite y lo popular.10aGeografía humana aplicada17aCultura10aIdentidad colectiva10aGeografía cultural10aApplied human geography10aCulture10aCollective identity10aCultural geography